|
|
|
|
| LEADER |
00000naa2a2200000 4500 |
| 001 |
253901 |
| 005 |
20231031214617.0 |
| 035 |
|
|
|a (RuTPU)RU\TPU\book\276320
|
| 035 |
|
|
|a RU\TPU\book\276318
|
| 090 |
|
|
|a 253901
|
| 100 |
|
|
|a 20140318d2012 k y0rusy50 ca
|
| 101 |
0 |
|
|a rus
|
| 102 |
|
|
|a RU
|
| 200 |
1 |
|
|a Литолого-фациальная характеристика фаменских отложений северо-восточной части Башкирского свода (Забродский лицезионный участок, Пермский край)
|f М. Г. Бояршинова, Е. Е. Винокурова
|
| 225 |
1 |
|
|a Европейская часть России (Русская платформа)
|
| 320 |
|
|
|a Библиогр.: с. 92 (7 назв.)
|
| 463 |
|
0 |
|0 (RuTPU)RU\TPU\book\269418
|t Фациальный анализ в нефтегазовой литологии
|o труды II Регионального совещания, посвященного 100-летию доктора геолого-минералогических наук Л. Н. Ботвинкиной, 2012 г., г. Томск
|f Национальный исследовательский Томский политехнический университет (ТПУ), Институт природных ресурсов (ИПР), Центр подготовки и переподготовки специалистов нефтегазового дела (ЦППС НД) ; гл. ред. В. Б. Белозёров
|v С. 86-92
|d 2012
|p 358 с.
|
| 610 |
1 |
|
|a литолого-фациальная характеристика
|
| 610 |
1 |
|
|a литогенетические породы
|
| 610 |
1 |
|
|a отложения
|
| 610 |
1 |
|
|a фаменский ярус
|
| 610 |
1 |
|
|a Башкирский свод
|
| 610 |
1 |
|
|a Пермский край
|
| 700 |
|
1 |
|a Бояршинова
|b М. Г.
|
| 701 |
|
1 |
|a Винокурова
|b Е. Е.
|
| 801 |
|
1 |
|a RU
|b 63413507
|c 20140314
|
| 801 |
|
2 |
|a RU
|b 63413507
|c 20140318
|g RCR
|
| 942 |
|
|
|c BK
|